000 00476nam a2200193Ia 4500
003 OSt
005 20240108114414.0
008 210210b1950 xxu||||| |||| 00| 0 eng d
040 _cAL
041 _aKannada
082 _a852/607
100 _aSVAMI VIVEKANANDA
_9147633
245 _aPatramale
_bಪತ್ರಮಾಲೆ
260 _aMaisuru
_b-
_c1950
650 _aSwami Vivekananda
_9147634
690 _aKannada Prose
_9147635
906 _a019173
942 _2ddc
_cBK
999 _c143289
_d143289